000 00571nam a2200217Ia 4500
003 OSt
005 20220928144937.0
006 a|||||r|||| 00| 0
007 ta
008 220927b |||||||| |||| 00| 0 eng d
024 _a77295
037 _cTextual
040 _aSDCL
_cSDCL
_beng
041 _2eng
_aeng
082 _aS63, M4
100 _aBarham Peter
_9510591
245 0 _aSchizophrenia and human value
_b Chronic schizophrenia , science and society.
260 _c1984
942 _hS63, M4
_cTEXL
_2CC
999 _c830692
_d830692